Online katalóg knižníc regiónu Turca

Úklady a láska (Record no. 22232)

MARC details
000 -LEADER
fixed length control field 01473cam a2200409 a 4500
001 - CONTROL NUMBER
control field 22232
003 - CONTROL NUMBER IDENTIFIER
control field VRT
005 - DATE AND TIME OF LATEST TRANSACTION
control field 20260323141602.0
008 - FIXED-LENGTH DATA ELEMENTS--GENERAL INFORMATION
fixed length control field 240314s2011 xo e 000 f slo
015 ## - NATIONAL BIBLIOGRAPHY NUMBER
National bibliography number SNBA2011/09-05156
020 ## - INTERNATIONAL STANDARD BOOK NUMBER
International Standard Book Number 9788022015622
Qualifying information (viaz.)
035 ## - SYSTEM CONTROL NUMBER
System control number 155D19DD-69D9-481D-880F-00855CC51355
035 ## - SYSTEM CONTROL NUMBER
System control number urn:nbn:sk:snk-amjiam
035 ## - SYSTEM CONTROL NUMBER
System control number urn:nbn:sk:snk-am002grn
039 #9 - LEVEL OF BIBLIOGRAPHIC CONTROL AND CODING DETAIL [OBSOLETE]
Level of rules in bibliographic description 202411270519
Level of effort used to assign nonsubject heading access points AUTHORITY
Level of effort used to assign subject headings 202406222136
Level of effort used to assign classification csnk01
Level of effort used to assign subject headings 202406221203
Level of effort used to assign classification csnk01
Level of effort used to assign subject headings 202403140935
Level of effort used to assign classification VLOAD
040 ## - CATALOGING SOURCE
Original cataloging agency SNK
Language of cataloging slo
Transcribing agency SNK
Description conventions AACR2
041 1# - LANGUAGE CODE
Language code of text/sound track or separate title slo
Language code of original eng
044 ## - COUNTRY OF PUBLISHING/PRODUCING ENTITY CODE
MARC country code xo
ISO country code SK
072 #7 - SUBJECT CATEGORY CODE
Subject category code 821.111-3
Subject category code subdivision Anglická próza
Source konspekt
080 ## - UNIVERSAL DECIMAL CLASSIFICATION NUMBER
Universal Decimal Classification number 821.111-31
Edition identifier 2001
080 ## - UNIVERSAL DECIMAL CLASSIFICATION NUMBER
Universal Decimal Classification number (0:82-31)
Edition identifier 2001
100 1# - MAIN ENTRY--PERSONAL NAME
Personal name Bradford, Barbara Taylor,
Dates associated with a name 1933-2024
Relationship aut
240 10 - UNIFORM TITLE
Uniform title Playing the game
Language of a work Slovensky
245 10 - TITLE STATEMENT
Title Úklady a láska
Statement of responsibility, etc. Barbara Taylor Bradfordová ; z anglického originálu Playing the game ... preložila Nina Mikušová
250 ## - EDITION STATEMENT
Edition statement [1. vyd]
260 ## - PUBLICATION, DISTRIBUTION, ETC.
Place of publication, distribution, etc. Bratislava
Name of publisher, distributor, etc. Slovenský spisovateľ
Date of publication, distribution, etc. 2011
300 ## - PHYSICAL DESCRIPTION
Extent 350 s.
Dimensions 21 cm
655 #7 - INDEX TERM--GENRE/FORM
Genre/form data or focus term anglické romány
Source of term SNKPH
655 #7 - INDEX TERM--GENRE/FORM
Genre/form data or focus term English fiction
Source of term SNKPHeng
700 1# - ADDED ENTRY--PERSONAL NAME
Personal name Mikušová, Nina
Relationship trl
942 ## - ADDED ENTRY ELEMENTS (KOHA)
Source of classification or shelving scheme Dewey Decimal Classification
Koha item type Krásna literatúra pre dospelých
Suppress in OPAC No
949 ## - LOCAL PROCESSING INFORMATION (OCLC)
6 270001000384376
a svkbbA 131993
b svkbbm 719884
949 ## - LOCAL PROCESSING INFORMATION (OCLC)
6 17A0718340
a snkSC 146808
b snk2011/19662
o 1709/11
949 ## - LOCAL PROCESSING INFORMATION (OCLC)
6 17A0876312
a snkSC 146808 D1
b snk2012/2353
o 1709/11
Holdings
Stav vyradenia Strata Poškodenie Spôsob nadobudnutia Domovská knižnica Aktuálna knižnica Dátum nadobudnutia Total checkouts Čiarový kód exemplára Date last seen Typ exemplára
      Dar Obecná knižnica Turčianska Štiavnička Obecná knižnica Turčianska Štiavnička 23.03.2026   4738000696 23.03.2026 Krásna literatúra pre dospelých
Projekt je podporený Slovenskou asociáciou knižníc
Prevádzkuje Turčianska knižnica Martin 2026